000 00769nam a2200241 i 4500
001 bg
100 1 _aNINNESS, Michael
245 1 0 _aPhotoshop 5.0 & 5.5 magia Web /
_cMichael Ninness.
246 _iTyt. oryg.:
_aPhotoshop 5 WEB magic
260 _aWarszawa :
_bTranslator,
_c2000.
300 _a236 s., [9] s.tabl.kolor :
_bil. ;
_c24 cm +
_eCD-ROM.
500 _aTyt. oryg.: "Photoshop 5 WEB magic".
650 9 _aPhotoshop
655 _aPodręczniki
020 _a8386149493
040 _cBPK
041 1 _apl
_hen
080 _a004.42Photoshop:004.92](07)
920 _a83-86149-49-3
942 _cKS
008 s pl f |000 0 pol
856 _uhttp://koha.tu.koszalin.pl/cgi-bin/koha/opac-detail.pl?biblionumber=37041
_yKatalog online BPK
999 _c37041
_d37041